| 000 | 00940naa a22002890a 4500 | ||
|---|---|---|---|
| 001 | PT13885 | ||
| 003 | AR-LpoUNG | ||
| 005 | 20210525180808.0 | ||
| 008 | 191001s1994||||ag |||||||||||||||||spa d | ||
| 040 |
_aAR-LpoUNG _bspa _eaacr |
||
| 041 | _aspa | ||
| 044 | _aag | ||
| 082 | 0 | _a372.044 7 258en | |
| 100 | 1 | _aGreco, María Beatriz | |
| 245 | 1 | 3 | _aEl aprendizaje en juego |
| 300 |
_ap. 187-206 : _btbls. |
||
| 520 | _aEsta obra presenta propuestas y recursos para que el docente de matemática renueve sus energías y mejore la calidad de su trabajo. | ||
| 650 | 4 | _aAPRENDIZAJE | |
| 650 | 4 | _aEDUCACION | |
| 650 | 4 | _aENSEÑANZA | |
| 650 | 4 | _aMATEMATICAS | |
| 650 | 4 | _aMETODOS PEDAGOGICOS | |
| 651 | 4 | _aDOCUMENTOS TEORICOS O METODOLOGICOS | |
| 773 | 0 |
_016445 _926584 _aSantaló, Luis _b1§ edición _dBuenos Aires : Troquel, 1994. _o00016772 _tEnfoques : _w(AR-LpoUNG)PT13868 _x _z9501630684 |
|
| 905 | _a13885 | ||
| 942 | _cALIB | ||
| 999 |
_c42577 _d42577 |
||